Normal view
MARC view
- Qasim Bin Saeed Ayesha Arshad Urva Azhar Syed Salman Hassan Naqvi
Entry Personal Name
001 - CONTROL NUMBER
- control field: 119610
003 - CONTROL NUMBER IDENTIFIER
- control field: NUST
005 - DATE AND TIME OF LATEST TRANSACTION
- control field: 20231211102039.0
008 - FIXED-LENGTH DATA ELEMENTS
- fixed length control field: 231211|| aca||aabn | a|a d
040 ## - CATALOGING SOURCE
- Original cataloging agency: NUST
- Transcribing agency: NUST
100 ## - HEADING--PERSONAL NAME
- Personal name: Qasim Bin Saeed Ayesha Arshad Urva Azhar Syed Salman Hassan Naqvi
670 ## - SOURCE DATA FOUND
- Source citation: Work cat.: (NUST): Qasim Bin Saeed Ayesha Arshad Urva Azhar Syed Salman Hassan Naqvi, PR-SOF-2260-Automatic Number Plate Recognition System, 2023.
